[Event "Défi( 10J+24H/c 10J Max )"]
[Site "www.echecsemail.com"]
[Date "2026.01.08"]
[Round "1"]
[White "Maximax"]
[Black "Mindthegap"]
[WhiteElo "1190"]
[BlackElo "1420"]
[Result "1-0"]
1.e4 e5
2.Ng1f3 Ng8f6
3.d3 Nb8c6
4.c3 d5
5.Nb1d2 a5
6.a4 Bc8g4
7.h3 Bg4h5
8.Bf1e2 Bf8e7
9.O-O Rh8g8
10.Nf3h4 Nf6d7
11.Nh4f5 Bh5xe2
12.Qd1xe2 d4
13.c4 Nc6b4
14.b3 Nb4c2
15.Ra1a2 Nc2b4
16.Ra2b2 Be7g5
17.g3 Ra8a6
18.Nd2f3 Nd7f6
19.Nf3xg5 g6
20.Nf5h6 Rg8g7
21.Nh6xf7 Qd8e7
22.Nf7h6 Nb4c6
23.Bc1d2 Nc6b4
24.Rf1a1 b5
25.cxb5 Ra6d6
26.h4 Nf6h5
27.Ra1c1 Qe7f8
28.Ng5h3 Rd6f6
29.Rc1f1 Nb4xd3
30.Qe2xd3 Rf6f3
31.Qd3b1 Nh5xg3
32.Bd2xa5 Ng3xe4
33.Qb1xe4 Qf8f4
34.Nh3xf4 { abandon }1-0

[Event "Défi"]
[Site "www.echecsemail.com"]
[Date "2026.01.08"]
[Round "1"]
[White "Temistocles"]
[Black "Kawa750"]
[WhiteElo "1550"]
[BlackElo "1770"]
[Result "0-1"]
1.h4 e5
2.d4 exd4
3.Qd1xd4 Nb8c6
4.Qd4e3 Bf8e7
5.Nb1c3 d5
6.Qe3f4 Ng8f6
7.Bc1d2 O-O
8.Nc3b5 Be7d6
9.Nb5xd6 cxd6
10.f3 Rf8e8
11.h5 Nc6e5
12.Qf4g5 h6
13.Qg5e3 Ne5c4
14.Qe3c3 Nc4xd2
15.Qc3xd2 Bc8f5
16.g4 Bf5xg4
17.fxg4 Nf6xg4
18.O-O-O Ng4f2
19.Rh1h2 Nf2xd1
20.Qd2xd1 Qd8g5
21.e3 Qg5xe3
22.Rh2d2 Re8e5
23.Bf1d3 Ra8e8
24.b3 Qe3d4
25.Bd3h7 Kxh7
26.Rd2xd4 Re5e1
27.Qd1xe1 Re8xe1
28.Rd4d1 Re1e5
29.Rd1f1 f6
30.Ng1f3 Re5xh5
31.Rf1d1 Rh5f5
32.Nf3d4 Rf5f2
33.Nd4b5 g5
34.Nb5xa7 h5
35.Na7c8 Rf2f5
36.Nc8xd6 Rf5e5
37.Nd6xb7 h4
38.Rd1h1 f5
39.Nb7d6 Kg6
40.a4 d4
41.Kd2 Kh5
42.Nd6b5 g4
43.Nb5xd4 h3
44.Nd4e2 Kh4
45.b4 Re5e4
46.c3 f4
47.Kd3 Re4e3
48.Kd2 Re3f3
49.a5 g3
50.Ne2g1 Rf3f2
51.Ke1 h2
52.a6 Rf2a2
53.Ng1f3 Kg4
54.Rh1f1 Ra2a1
55.Ke2 Ra1xf1
56.Kxf1 h1Q
57.Nf3g1 Qh1h2
58.b5 Qh2f2
0-1

[Event "Tournoi n27358"]
[Site "www.echecsemail.com"]
[Date "2026.01.08"]
[Round "1"]
[White "Jlr"]
[Black "Fouvolant"]
[WhiteElo "1360"]
[BlackElo "1380"]
[Result "0-1"]
1.e4 c5
2.Ng1f3 e6
3.Nb1c3 a6
4.Bf1c4 Nb8c6
5.d3 Qd8c7
6.g3 Ng8f6
7.Bc1f4 d6
8.Nf3g5 h6
9.Ng5xe6 fxe6
10.e5 dxe5
11.Bf4e3 b5
12.Bc4b3 Bf8d6
13.Qd1f3 O-O
14.g4 Nf6h7
15.Qf3e4 Bc8d7
16.Nc3d5 exd5
17.Qe4xd5 Kh8
18.Qd5g2 Nc6e7
19.Bb3d5 Ne7xd5
20.Qg2xd5 Bd7c6
21.Qd5e6 Rf8f6
22.Qe6b3 Bc6xh1
23.Kd2 Bh1c6
24.Ra1g1 e4
25.d4 c4
26.Qb3c3 Nh7g5
27.f4 Ng5f3
28.Ke2 Nf3xg1
29.Be3xg1 Rf6xf4
30.d5 Bc6xd5
31.g5 Rf4f3
32.Bg1e3 Bd6b4
33.Qc3xb4 Qc7xh2
34.Kd1 Rf3f1
35.Qb4e1 Ra8f8
36.Be3f2 Rf8xf2
37.Qe1xf1 Rf2xf1
0-1

[Event "TRISTAN DA CUNHA"]
[Site "www.echecsemail.com"]
[Date "2026.01.08"]
[Round "1"]
[White "Mindthegap"]
[Black "Casisimed"]
[WhiteElo "1420"]
[BlackElo "1640"]
[Result "0-1"]
1.e4 e5
2.Ng1f3 Nb8c6
3.Nb1c3 Ng8f6
4.Bf1c4 Bf8b4
5.Nc3d5 Nf6xe4
6.c3 Bb4c5
7.Nd5e3 O-O
8.O-O d6
9.h3 a6
10.a3 Bc8e6
11.Bc4xe6 fxe6
12.d3 Bc5xe3
13.fxe3 Ne4g3
14.Rf1f2 e4
15.Nf3d4 Rf8xf2
16.Nd4xc6 bxc6
17.Qd1b3 Qd8f6
{ abandon }0-1

[Event "Défi"]
[Site "www.echecsemail.com"]
[Date "2026.01.08"]
[Round "1"]
[White "Gilberthellemans"]
[Black "Tiounet"]
[WhiteElo "1570"]
[BlackElo "1590"]
[Result "1-0"]
1.d4 b5
2.e4 Bc8b7
3.Bf1d3 a6
4.Ng1f3 g6
5.b3 Bf8g7
6.Bc1e3 Ng8f6
7.c3 O-O
8.d5 d6
9.Nb1a3 c6
10.dxc6 Nb8xc6
11.Ra1c1 Nf6g4
12.Be3d4 Nc6xd4
13.cxd4 Ra8c8
14.Nf3h4 Ng4h6
15.Nh4f3 Nh6g4
16.d5 Ng4f6
17.O-O Nf6g4
18.Qd1d2 Bg7h6
19.Nf3g5 Qd8b6
20.Rc1xc8 f6
21.Rc8xf8 Kxf8
22.Ng5e6 Kf7
23.Qd2e2 Ng4e5
24.Bd3c2 b4
25.Na3c4 Ne5xc4
26.Qe2xc4 a5
27.Ne6d4 Bh6f4
28.Nd4e2 Bb7a6
29.Qc4xa6 Qb6xa6
30.Ne2xf4 Qa6b6
31.Rf1c1 Qb6d4
32.Bc2b1 Qd4b2
33.Rc1e1 Qb2c3
34.Nf4d3 f5
35.f3 fxe4
36.fxe4 e6
37.dxe6 Kxe6
38.Re1f1 Qc3d4
39.Kh1 Qd4e3
40.Rf1e1 Qe3d2
41.Kg1 g5
42.Kf1 h5
43.Nd3f2 Ke5
44.Re1e2 Qd2c1
45.Re2e1 Qc1c5
46.Nf2d3 { abandon }1-0

[Event "Défi"]
[Site "www.echecsemail.com"]
[Date "2026.01.08"]
[Round "1"]
[White "Albescab"]
[Black "Arno"]
[WhiteElo "1670"]
[BlackElo "1780"]
[Result "0-1"]
1.e4 Nb8c6
2.Bf1b5 e5
3.Bb5xc6 bxc6
4.Ng1f3 d6
5.d3 f5
6.exf5 Bc8xf5
7.Bc1g5 Bf8e7
8.Nf3h4 Be7xg5
9.Nh4xf5 Ng8f6
10.Nf5xg7 Kf7
11.Ng7f5 Ra8b8
12.Nb1c3 Rb8xb2
13.O-O Rh8g8
14.h4 Bg5f4
15.g3 Qd8d7
16.Nc3a4 Rb2b4
17.Na4c3 Qd7xf5
18.Kh2 Nf6g4
19.Kg2 Bf4h6
20.Nc3e4 Rb4xe4
21.dxe4 Qf5xe4
22.Kg1 Qe4c4
23.a3 Ng4f6
24.Ra1b1 Qc4xh4
25.Qd1f3 e4
26.Qf3b3 d5
27.Qb3b7 Bh6f4
28.Rb1b3 Nf6d7
29.Qb7xc6 Nd7f6
30.Kg2 Qh4g5
31.Rf1h1 Bf4d6
32.c4 d4
33.Rb3b5 Qg5g4
34.Rb5b3 d3
35.Rb3b1 Qg4f3
36.Kg1 Bd6xg3
37.fxg3 Rg8xg3
38.Kh2 Qf3g2
0-1

[Event "ON THE ROAD AGAIN"]
[Site "www.echecsemail.com"]
[Date "2026.01.08"]
[Round "1"]
[White "Mindthegap"]
[Black "Legrillon"]
[WhiteElo "1420"]
[BlackElo "1700"]
[Result "0-1"]
1.e4 e5
2.Ng1f3 Ng8f6
3.Bf1c4 d6
4.Nf3g5 Bc8e6
5.Ng5xe6 fxe6
6.h3 d5
7.exd5 exd5
8.Bc4b3 Nb8c6
9.d3 h6
10.d4 exd4
11.O-O Bf8e7
12.Rf1e1 O-O
13.Nb1d2 Qd8d6
14.Nd2f3 Nf6e4
15.Bc1d2 Ne4xd2
16.Qd1xd2 Ra8e8
17.Re1e2 Be7f6
18.Ra1e1 b5
19.c4 Re8xe2
20.Re1xe2 dxc4
21.Bb3d1 d3
22.Re2e3 Qd6f4
23.g3 Qf4f5
24.g4 Qf5c5
25.Nf3h2 Bf6d4
26.Bd1f3 Bd4xe3
27.Qd2xe3 Nc6d4
28.Kh1 Qc5d6
29.g5 Nd4xf3
30.Nh2xf3 Qd6d5
31.Kg1 Qd5xf3
32.Qe3e6 Kh8
{ abandon }0-1

[Event "Défi"]
[Site "www.echecsemail.com"]
[Date "2026.01.08"]
[Round "1"]
[White "Ohtani"]
[Black "Tiounet"]
[WhiteElo "1649"]
[BlackElo "1670"]
[Result "1-0"]
1.d4 b5
2.e4 Bc8b7
3.Nb1d2 a6
4.a4 b4
5.Bf1d3 a5
6.Ng1f3 Ng8f6
7.O-O g6
8.c3 bxc3
9.bxc3 Bf8g7
10.Ra1b1 O-O
11.Rb1xb7 Nb8c6
12.Bc1a3 d6
13.Qd1b3 Nf6d7
14.Qb3c4 Nc6b8
15.Qc4xc7 Qd8xc7
16.Rb7xc7 Nd7f6
17.Rc7xe7 Rf8d8
18.Bd3c4 Nb8c6
19.Re7c7 Rd8c8
20.Rc7xc8 Bg7f8
21.Rc8xa8 Kg7
22.Ra8a6 Nc6b8
23.Ra6xa5 { abandon }1-0

[Event "VIC LA GARDIOLE"]
[Site "www.echecsemail.com"]
[Date "2026.01.08"]
[Round "1"]
[White "Qsdmlk"]
[Black "Mindthegap"]
[WhiteElo "1550"]
[BlackElo "1440"]
[Result "1-0"]
1.e4 e5
2.Ng1f3 Nb8c6
3.Nb1c3 Ng8f6
4.d4 exd4
5.Nf3xd4 Bf8b4
6.Nd4xc6 bxc6
7.a3 Bb4xc3
8.bxc3 Nf6xe4
9.Qd1e2 Qd8e7
10.f3 Ne4xc3
11.Qe2xe7 Kxe7
12.Bf1d3 Kd8
13.O-O a5
14.Bc1b2 Nc3d5
15.Bb2xg7 Rh8g8
16.Bg7h6 Bc8a6
17.Bd3xa6 Ra8xa6
18.Ra1b1 Ra6a8
19.f4 Nd5e3
20.Rf1f2 Ne3g4
21.Bh6g5 Kc8
22.Rf2d2 Ra8b8
23.Rb1d1 Ng4e3
24.Rd1e1 Rg8g7
25.Re1xe3 Rb8b1
26.Kf2 Rb1h1
27.c4 Rh1xh2
28.Rd2b2 h6
29.Re3e8 1-0

[Event "Eq:O fou d hello-Avalon :"]
[Site "www.echecsemail.com"]
[Date "2026.01.08"]
[Round "1"]
[White "Yab414"]
[Black "Biquet"]
[WhiteElo "1620"]
[BlackElo "1880"]
[Result "1-0"]
1.e4 c5
2.Bf1c4 Nb8c6
3.Ng1f3 e6
4.O-O Ng8f6
5.d3 h6
6.Bc1d2 Bf8e7
7.a3 e5
8.Nb1c3 O-O
9.Nc3d5 d6
10.Nd5xe7 Qd8xe7
11.b4 b6
12.bxc5 dxc5
13.c3 a6
14.d4 exd4
15.cxd4 cxd4
16.a4 Bc8e6
17.Bc4xe6 fxe6
18.a5 b5
19.Qd1b3 Kh8
20.Nf3h4 Nf6xe4
21.Nh4g6 Kh7
22.Ng6xe7 Nc6xe7
23.Qb3d3 Ne7g6
24.Qd3xe4 e5
25.Bd2b4 Rf8e8
26.Ra1c1 Ra8c8
27.Rc1xc8 Re8xc8
28.h3 Rc8c4
29.Bb4d6 d3
30.Qe4xd3 Rc4d4
31.Qd3xd4 exd4
32.Rf1d1 Ng6h4
33.Rd1xd4 Nh4f5
34.Rd4d5 Kg6
35.Bd6b4 Kf6
36.g4 Nf5h4
37.Rd5d6 Ke7
38.Rd6xa6 Kf7
39.Ra6b6 Nh4f3
40.Kg2 Nf3h4
41.Kf1 Nh4f3
42.a6 Nf3e5
43.a7 { abandon }1-0

[Event "Coupe Niveau 5"]
[Site "www.echecsemail.com"]
[Date "2026.01.08"]
[Round "1"]
[White "Abc47"]
[Black "Nicodemouscron"]
[WhiteElo "2170"]
[BlackElo "2130"]
[Result "0-1"]
1.e4 c5
2.c3 d5
3.exd5 Qd8xd5
4.d4 Nb8c6
5.Ng1f3 Ng8f6
6.Bf1e2 cxd4
7.O-O e6
8.Bc1f4 e5
9.Bf4g3 Bf8e7
10.cxd4 exd4
11.Be2d3 Bc8g4
12.Nb1d2 O-O
13.Rf1e1 Rf8e8
14.Bd3c4 Qd5d7
15.Qd1b3 Be7c5
16.Nf3g5 Bg4h5
17.Nd2e4 Nf6xe4
18.Ng5xe4 Bc5b4
19.Ne4c3 dxc3
20.bxc3 Bb4c5
21.Ra1b1 Bc5b6
22.Bc4b5 Qd7d2
23.Re1f1 Ra8c8
24.Kh1 Re8e7
25.f3 Nc6a5
26.Qb3b4 Re7e6
27.Rb1d1 Qd2xc3
28.Qb4xc3 Rc8xc3
29.Bg3f2 Kf8
30.Bf2xb6 Re6xb6
31.Rd1d8 Ke7
32.Rd8d7 Kf6
33.Bb5d3 Bh5g6
34.Bd3xg6 hxg6
35.h4 Na5c4
36.Rf1e1 Nc4e5
37.Rd7d4 Rc3c4
38.Rd4d5 Rc4xh4
39.Kg1 Rh4h5
40.Re1d1 Ne5c4
41.Rd5d4 Nc4e3
42.Rd4d6 Rb6xd6
43.Rd1xd6 Ke7
44.Rd6d3 Rh5e5
45.Rd3b3 b5
46.f4 Re5e4
47.Rb3xb5 Re4xf4
48.Rb5e5 Kf6
49.Re5xe3 Rf4a4
50.Re3e2 g5
51.Kf2 a5
52.Re2b2 Kg6
53.Kg3 f5
54.Kh3 Kh5
55.g3 Ra4a3
56.Kh2 Kg4
57.Rb2c2 Ra3xg3
58.Rc2c4 f4
59.Rc4a4 Rg3c3
60.Ra4xa5 Rc3c2
61.Kg1 Kh4
62.a4 g4
63.Ra5b5 Kg3
64.Rb5b1 Rc2a2
65.Kh1 Ra2xa4
66.Rb1g1 Kh3
67.Rg1b1 g3
{ abandon }0-1

[Event "Tournoi n27362"]
[Site "www.echecsemail.com"]
[Date "2026.01.08"]
[Round "1"]
[White "Ozon"]
[Black "Hermite"]
[WhiteElo "1660"]
[BlackElo "1510"]
[Result "0-1"]
1.e4 e5
2.Ng1f3 d6
3.Nb1c3 Ng8f6
4.Bf1c4 Bf8e7
5.d4 c6
6.Nf3g5 Nb8d7
7.Ng5xf7 Qd8b6
8.Nf7xh8 d5
9.exd5 exd4
10.d6 Be7xd6
11.Nc3e2 Nd7e5
12.Bc4b3 Bd6c5
13.Bc1f4 Qb6c7
14.Ne2xd4 Bc8d7
15.Nh8f7 Qc7a5
16.Bf4d2 Qa5c7
17.Nf7xe5 Qc7xe5
18.Nd4e2 O-O-O
19.O-O Bc5d6
20.Bd2f4 Qe5a5
21.Qd1xd6 Bd7g4
22.Qd6b8 Kd7
23.Qb8xb7 Ke8
24.Qb7xc6 Bg4d7
25.Qc6f3 Kf8
26.Ra1e1 Bd7g4
27.Qf3g3 Bg4h5
28.Bf4c7 Qa5c5
29.Bc7xd8 Nf6g4
30.Ne2c3 g6
31.Qg3c7 Qc5f5
32.Bd8e7 Kg7
33.Be7d8 Kh6
34.Qc7e7 Qf5f4
35.Re1e4 Qf4xh2
0-1

[Event "Transval 2"]
[Site "www.echecsemail.com"]
[Date "2026.01.08"]
[Round "1"]
[White "Turbo"]
[Black "Fouvolant"]
[WhiteElo "1280"]
[BlackElo "1370"]
[Result "0-1"]
1.e4 c5
2.Nb1c3 Nb8c6
3.Bf1b5 Qd8c7
4.Bb5c4 a6
5.Ng1h3 e6
6.a3 Ng8f6
7.O-O h6
8.d3 Bf8e7
9.Nc3e2 O-O
10.Bc4a2 b5
11.Ne2g3 d6
12.f3 Bc8b7
13.f4 Rf8d8
14.Ng3h5 Qc7b6
15.Kh1 c4
16.e5 dxe5
17.Nh3f2 Be7c5
18.Nh5xf6 gxf6
19.Qd1g4 Kh7
20.fxe5 Nc6xe5
21.Qg4h5 Bc5f8
22.Nf2e4 Bb7xe4
23.dxe4 Bf8g7
24.Ba2b1 Rd8d7
25.c3 Ne5d3
26.Bc1xh6 Bg7xh6
27.Bb1xd3 cxd3
28.Rf1xf6 Qb6e3
29.Ra1f1 Ra8g8
30.Rf6xf7 Rg8g7
31.Rf7f6 d2
32.Qh5d1 Qe3xe4
33.Qd1h5 Qe4xg2
0-1

[Event "Transval 2"]
[Site "www.echecsemail.com"]
[Date "2026.01.08"]
[Round "1"]
[White "Fouvolant"]
[Black "Turbo"]
[WhiteElo "1370"]
[BlackElo "1280"]
[Result "1-0"]
1.e4 e5
2.Ng1f3 Nb8c6
3.Bf1c4 h6
4.d4 exd4
5.Nf3xd4 Nc6xd4
6.Qd1xd4 d6
7.O-O Ng8f6
8.Nb1c3 c5
9.Qd4d3 a6
10.a4 b6
11.h3 Nf6h5
12.Qd3f3 Nh5f6
13.e5 dxe5
14.Qf3xa8 Qd8d7
15.Qa8f3 Bf8d6
16.Nc3b5 axb5
17.Bc4xb5 e4
18.Bb5xd7 Bc8xd7
19.Qf3d1 Bd6c7
20.c4 O-O
21.b3 Bd7c6
22.Bc1b2 Nf6d7
23.Qd1g4 Nd7e5
24.Bb2xe5 Bc7xe5
25.Ra1d1 f5
26.Qg4g6 Rf8f6
27.Rd1d8 Rf6f8
28.Qg6e6 { abandon }1-0

[Event "Michael Tal 29"]
[Site "www.echecsemail.com"]
[Date "2026.01.08"]
[Round "1"]
[White "Youliyouli"]
[Black "Ficherre"]
[WhiteElo "1880"]
[BlackElo "2130"]
[Result "0-1"]
1.e4 c5
2.Ng1f3 Nb8c6
3.c3 d5
4.e5 Bc8g4
5.d4 cxd4
6.cxd4 Bg4xf3
7.gxf3 Qd8b6
8.Nb1c3 e6
9.Bf1b5 Bf8b4
10.Qd1d2 Ng8e7
11.a3 Bb4xc3
12.Bb5xc6 Ne7xc6
13.bxc3 Nc6a5
14.Qd2c2 Qb6b3
15.Qc2xb3 Na5xb3
16.Ra1b1 Nb3xc1
17.Rb1xc1 Ra8c8
18.f4 Kd7
19.Kd2 Rc8c4
20.Rc1b1 b6
21.Rb1b4 Rh8c8
22.Rb4xc4 Rc8xc4
23.Kc2 a5
24.Rh1b1 Kc6
25.h4 b5
26.h5 b4
27.axb4 axb4
28.Rb1xb4 Rc4xb4
29.cxb4 Kb5
30.Kb3 h6
31.f3 g6
32.hxg6 fxg6
33.Kc3 h5
34.Kd3 Kxb4
35.Ke3 Kc4
36.Kf2 Kxd4
37.Kg3 Ke3
38.Kh4 Kxf4
39.Kh3 Kxf3
{ abandon }0-1

[Event "Défi"]
[Site "www.echecsemail.com"]
[Date "2026.01.08"]
[Round "1"]
[White "Turbo"]
[Black "Voyageur"]
[WhiteElo "1270"]
[BlackElo "1610"]
[Result "1-0"]
1.e4 g6
2.c4 d6
3.Bf1d3 b6
4.h3 Bf8g7
5.Nb1c3 Bc8b7
6.a3 Nb8d7
7.f4 Ng8f6
8.Ng1f3 Nd7c5
9.Bd3c2 Nf6xe4
10.Nc3xe4 Bb7xe4
11.O-O Be4b7
12.d4 Bb7xf3
13.Qd1xf3 Bg7xd4
14.Kh1 O-O
15.Qf3g3 Rf8e8
16.f5 Bd4e5
17.Qg3h4 Re8f8
18.Bc1h6 Be5xb2
19.Ra1b1 Bb2f6
20.Qh4g4 Rf8e8
21.fxg6 fxg6
22.Bc2xg6 hxg6
23.Rf1xf6 exf6
24.Qg4xg6 Kh8
25.Qg6g7 1-0

[Event "Coupe Niveau 3"]
[Site "www.echecsemail.com"]
[Date "2026.01.08"]
[Round "1"]
[White "Patau"]
[Black "Senegaulois"]
[WhiteElo "1700"]
[BlackElo "1910"]
[Result "0-1"]
1.e4 g6
2.d4 Bf8g7
3.Ng1f3 d6
4.c4 Ng8f6
5.Nb1c3 O-O
6.Bf1e2 Bc8d7
7.h3 a5
8.O-O Nb8a6
9.Bc1e3 c5
10.Qd1d2 Ra8c8
11.Nc3d5 Nf6xe4
12.Qd2c2 Ne4f6
13.Be3g5 Nf6xd5
14.cxd5 cxd4
15.Qc2d3 Bd7f5
16.Qd3d2 Na6c5
17.Ra1c1 Qd8d7
18.Rf1e1 Nc5e4
19.Qd2xa5 Ne4xg5
20.Nf3xg5 Rc8xc1
21.Re1xc1 Qd7d8
22.Qa5xd8 Rf8xd8
23.Ng5f3 e5
24.dxe6 Bf5xe6
25.Be2c4 Rd8c8
26.b3 Bg7h6
27.Nf3xd4 Bh6xc1
28.Nd4xe6 Rc8xc4
29.bxc4 fxe6
30.Kf1 Kf7
{ abandon }0-1

[Event "Coupe Niveau 5"]
[Site "www.echecsemail.com"]
[Date "2026.01.08"]
[Round "1"]
[White "Guig47"]
[Black "Marcat"]
[WhiteElo "2210"]
[BlackElo "2170"]
[Result "0-1"]
1.e4 e5
2.Ng1f3 Ng8f6
3.Nf3xe5 d6
4.Ne5xf7 Kxf7
5.Nb1c3 Bc8e6
6.d4 Kg8
7.Bf1d3 c5
8.d5 Be6g4
9.f3 Bg4d7
10.O-O Bd7e8
11.Bc1g5 Nb8d7
12.f4 Bf8e7
13.Qd1e1 h6
14.Bg5h4 Nf6xd5
15.Bh4xe7 Nd5xe7
16.Bd3c4 Be8f7
17.f5 Bf7xc4
{ abandon }0-1

[Event "Eq:La Diagonale du Fou-Royal Kids :"]
[Site "www.echecsemail.com"]
[Date "2026.01.08"]
[Round "1"]
[White "Darkknight99"]
[Black "Skalfa"]
[WhiteElo "1980"]
[BlackElo "1850"]
[Result "1-0"]
1.e4 e5
2.Ng1f3 Nb8c6
3.d4 exd4
4.Nf3xd4 Nc6xd4
5.Qd1xd4 c5
6.Qd4e5 Qd8e7
7.Qe5xe7 Bf8xe7
8.Nb1c3 a6
9.Nc3d5 b5
10.Nd5c7 Kd8
11.Nc7xa8 Ng8f6
12.f3 Bc8b7
13.Na8b6 Kc7
14.Nb6d5 Nf6xd5
15.exd5 Bb7xd5
16.Bc1f4 d6
17.b3 Be7f6
18.Ra1d1 Rh8e8
19.Kf2 Kc6
20.Bf1d3 Bf6d4
21.Kg3 h6
22.Rh1e1 Re8xe1
23.Rd1xe1 g5
24.Bf4e3 Bd4e5
25.Kf2 a5
26.c4 bxc4
27.Bd3xc4 Bd5xc4
28.bxc4 a4
29.h3 f6
30.Re1d1 h5
31.g4 h4
32.Rd1b1 a3
33.Rb1b3 Be5b2
34.Ke2 d5
35.cxd5 Kxd5
36.Rb3b5 Bb2d4
37.Be3xd4 Kxd4
38.Rb5b3 Ke5
39.Rb3xa3 Kf4
40.Kf2 Ke5
41.Ke3 Kd5
42.Ra3a6 Ke5
43.Ra6c6 { abandon }1-0

[Event "Tournoi n27274"]
[Site "www.echecsemail.com"]
[Date "2026.01.08"]
[Round "1"]
[White "Gulliver"]
[Black "Carrighir"]
[WhiteElo "2330"]
[BlackElo "2120"]
[Result "1-0"]
1.e4 c5
2.c3 d5
3.exd5 Qd8xd5
4.d4 Ng8f6
5.Ng1f3 g6
6.Bc1e3 cxd4
7.cxd4 Bf8g7
8.Nb1c3 Qd5a5
9.Bf1b5 Bc8d7
10.Bb5xd7 Nb8xd7
11.O-O O-O
12.a3 Rf8d8
13.b4 Qa5h5
14.Ra1c1 a6
15.h3 Ra8c8
16.Qd1b3 e5
17.Nf3g5 Rd8f8
18.Nc3d5 Nf6xd5
19.Qb3xd5 Rc8d8
20.dxe5 Nd7xe5
21.Qd5xb7 h6
22.Ng5e4 Qh5e2
23.Ne4c3 Qe2b2
24.Qb7xa6 Ne5d3
25.Nc3d1 Qb2a2
26.Rc1c7 Nd3xb4
27.Qa6a4 Nb4d5
28.Rc7c2 Qa2b1
29.Nd1b2 Qb1a2
30.Nb2c4 Nd5c3
31.Rc2xa2 Nc3xa4
32.Nc4b6 Na4xb6
33.Be3xb6 Rd8a8
34.a4 Ra8a6
35.a5 Rf8b8
36.Ra2c2 Bg7f8
37.Rf1d1 Bf8b4
38.Rd1d5 Rb8a8
39.Rc2a2 Ra6xb6
40.axb6 Ra8xa2
41.b7 { abandon }1-0

[Event "Défi( 10J+24H/c 10J Max )"]
[Site "www.echecsemail.com"]
[Date "2026.01.08"]
[Round "1"]
[White "Voyageur"]
[Black "Anumisme"]
[WhiteElo "1500"]
[BlackElo "1220"]
[Result "1-0"]
1.d4 d5
2.c4 Nb8c6
3.e3 Ng8f6
4.Ng1f3 Bc8g4
5.cxd5 Qd8xd5
6.Nb1c3 Qd5d7
7.Bf1e2 g6
8.O-O h5
9.h3 Bg4e6
10.b3 a6
11.Bc1b2 Bf8g7
12.Nf3g5 O-O-O
13.Be2f3 Bg7h6
14.Ng5xe6 Qd7xe6
15.Nc3a4 Nc6b4
16.Na4c5 Qe6b6
17.Bb2a3 Kb8
18.Qd1d2 c6
19.Qd2xb4 Qb6xb4
20.Ba3xb4 Kc7
21.Bb4a5 Kb8
22.Ba5xd8 Rh8xd8
23.Nc5e4 Kc7
24.Ne4xf6 exf6
25.Rf1c1 Rd8d6
26.Rc1c2 a5
27.Ra1c1 Kd7
28.Bf3e2 b5
29.Be2f3 b4
30.Rc2xc6 Bh6f8
31.Rc6xd6 Bf8xd6
32.Bf3d5 Ke7
33.Rc1c6 Kd7
34.Rc6a6 f5
35.Ra6xa5 Ke7
36.Ra5a7 Kf6
37.Ra7xf7 Kg5
38.Kf1 Bd6h2
39.g3 Kh6
40.Rf7b7 Kg5
41.Rb7xb4 h4
42.a4 hxg3
43.fxg3 Bh2xg3
44.a5 Kh4
45.a6 Kxh3
46.a7 Kg4
47.a8Q g5
48.Bd5g2 Kh5
49.Rb4b7 Kg4
50.Rb7h7 f4
51.Qa8f3 Kf5
52.Qf3d5 Kf6
53.Rh7h6 Kg7
54.Rh6a6 Kf8
55.Qd5d7 Kg8
56.Ra6a8 1-0

[Event "Eq:Avalon-au plaisir du jeux  :"]
[Site "www.echecsemail.com"]
[Date "2026.01.08"]
[Round "1"]
[White "Biquet"]
[Black "Marathonman"]
[WhiteElo "1870"]
[BlackElo "2040"]
[Result "0-1"]
1.e4 e5
2.Ng1f3 Nb8c6
3.d4 exd4
4.Nf3xd4 Qd8f6
5.Bc1e3 a6
6.c3 Ng8h6
7.Bf1e2 Nc6xd4
8.Be3xd4 Qf6f4
9.Be2f3 d6
10.Bd4e3 Qf4h4
11.Qd1d4 Nh6g4
12.e5 Qh4h5
13.h3 Ng4xe3
14.Bf3xh5 Ne3c2
15.Kd1 Nc2xd4
16.cxd4 g6
17.Bh5f3 Bf8g7
18.Rh1e1 O-O
19.Nb1c3 dxe5
20.dxe5 c6
21.Kc2 Rf8e8
22.Bf3g4 Bg7xe5
23.f4 Bc8xg4
24.fxe5 Bg4f5
25.Kb3 Ra8d8
26.Ra1d1 h5
27.a4 a5
28.Ka3 Rd8xd1
29.Re1xd1 Re8xe5
30.Rd1d8 Kg7
31.Rd8b8 Re5e7
32.Rb8d8 Re7e3
33.Kb3 Bf5d3
34.Nc3d1 Re3g3
35.Nd1c3 Bd3f1
36.Rd8d2 Bf1xg2
37.Kc4 Bg2xh3
38.Kc5 Rg3e3
39.Kb6 Re3e7
40.Rd2d3 Bh3f5
41.Rd3d2 h4
42.Kxa5 g5
43.b4 h3
44.Rd2h2 g4
45.Nc3d1 g3
46.Rh2h1 Re7e2
47.Nd1c3 Re2g2
48.Nc3d1 Bf5c8
49.Nd1e3 Rg2h2
50.Rh1g1 g2
51.Ne3f1 Rh2h1
{ abandon }0-1

[Event "Eq:La Diagonale du Fou-Royal Kids :"]
[Site "www.echecsemail.com"]
[Date "2026.01.08"]
[Round "1"]
[White "Skalfa"]
[Black "Darkknight99"]
[WhiteElo "1850"]
[BlackElo "1980"]
[Result "0-1"]
1.e4 e6
2.Nb1c3 d5
3.exd5 exd5
4.d4 c6
5.h3 Ng8f6
6.Bc1g5 Bf8e7
7.Ng1f3 O-O
8.Bf1d3 h6
9.Bg5h4 Bc8e6
10.O-O Nb8d7
11.Nc3e2 Nf6e4
12.Bh4xe7 Qd8xe7
13.Ne2f4 Nd7f6
14.Nf4xe6 Qe7xe6
15.Nf3e5 Nf6d7
16.Ne5xd7 Qe6xd7
17.b3 Ra8e8
18.Bd3e2 Ne4c3
19.Qd1d2 Nc3xe2
20.Kh1 Qd7f5
21.Kh2 Qf5f4
22.Qd2xf4 Ne2xf4
23.c4 Re8e4
24.Ra1d1 Rf8e8
25.Rd1d2 Re4e2
26.Rd2xe2 Re8xe2
27.g3 Nf4e6
28.cxd5 cxd5
29.Kg2 Re2xa2
30.Rf1d1 Ra2c2
31.Rd1d3 Kf8
32.Kf3 Ke7
33.h4 a5
34.Ke3 b5
35.f4 f5
36.Kf3 b4
37.g4 fxg4
38.Kxg4 Kf6
39.f5 h5
40.Kxh5 Ne6f4
{ abandon }0-1

[Event "ON THE ROAD AGAIN"]
[Site "www.echecsemail.com"]
[Date "2026.01.08"]
[Round "1"]
[White "Mindthegap"]
[Black "Tartu"]
[WhiteElo "1420"]
[BlackElo "1700"]
[Result "0-1"]
1.e4 e5
2.Ng1f3 Ng8f6
3.Bf1c4 Nb8c6
4.d3 Bf8e7
5.Nb1c3 O-O
6.Nf3g5 d6
7.a3 h6
8.h4 a6
9.b3 b5
10.Bc4d5 Bc8b7
11.Bd5xc6 Bb7xc6
12.Ng5f3 a5
13.Nf3g5 g6
14.b4 hxg5
15.h5 Bc6d7
16.hxg6 fxg6
17.Bc1xg5 Kf7
18.Bg5xf6 Be7xf6
19.Rh1h7 Ke8
20.Nc3d5 axb4
21.Nd5xf6 Qd8xf6
22.Qd1e2 Ra8xa3
23.Ra1xa3 bxa3
24.Qe2e3 Rf8f7
25.Rh7xf7 Kxf7
26.Qe3a7 Qf6g5
27.Qa7xa3 Qg5xg2
28.Qa3a2 Kg7
29.Qa2a7 Qg2g4
30.Qa7xc7 Qg4e6
31.Qc7b7 Kf6
32.Qb7d5 Qe6xd5
33.exd5 g5
34.Ke2 Kf5
35.Kf3 g4
36.Kg3 b4
37.f3 gxf3
38.Kxf3 Bd7b5
39.Ke2 Kf4
40.Kd2 Kf3
41.c3 b3
42.Kc1 Bb5xd3
43.Kb2 Bd3c2
44.Ka3 Ke4
45.Kb2 Kxd5
46.c4 Kxc4
47.Ka1 e4
48.Kb2 e3
49.Kc1 e2
50.Kd2 Bc2d3
51.Ke1 b2
52.Kd2 b1Q
{ abandon }0-1

[Event "Défi"]
[Site "www.echecsemail.com"]
[Date "2026.01.08"]
[Round "1"]
[White "Pj612"]
[Black "Petitlulu64"]
[WhiteElo "1730"]
[BlackElo "1770"]
[Result "1-0"]
1.e4 e5
2.Ng1f3 Nb8c6
3.a3 Ng8f6
4.Bf1d3 Bf8e7
5.Nb1c3 Nc6d4
6.O-O O-O
7.Nf3xe5 d6
8.Ne5f3 c5
9.Nf3xd4 cxd4
10.Nc3e2 Bc8g4
11.f3 Bg4h5
12.Ne2xd4 Qd8b6
13.c3 Nf6d7
14.g4 Bh5g6
15.b4 Be7f6
16.Bc1b2 Nd7e5
17.Bd3e2 Ne5c6
18.Kg2 Nc6xd4
19.cxd4 Bf6xd4
20.Bb2xd4 Qb6d8
21.Kg3 Qd8c7
22.Ra1c1 Qc7b8
23.Kg2 b6
24.Be2a6 Qb8d8
25.Rc1c6 Qd8d7
26.b5 h5
27.Kg3 hxg4
28.Qd1a1 gxf3
29.d3 f6
30.Rf1xf3 Bg6h5
31.Rf3f4 Qd7f7
32.h4 Qf7g6
33.Kh3 Qg6h6
34.Qa1f1 g5
35.Rf4f5 g4
36.Kg3 Bh5g6
37.Rf5f4 f5
38.Rc6xd6 Qh6h7
39.Qf1c1 Ra8d8
40.e5 Rd8d7
41.Qc1c4 Rd7f7
42.Ba6b7 Qh7h5
43.Bb7d5 Qh5h7
44.Rd6d7 Qh7h5
45.Bd5xf7 Bg6xf7
46.e6 Kh7
47.Rd7xf7 Kg8
48.Rf7xf8 Kxf8
49.Qc4c8 Ke7
50.Qc8d7 Kf8
51.e7 Kg8
52.e8Q Qh5xe8
53.Qd7xe8 Kh7
54.Rf4xf5 { abandon }1-0

[Event "Tournoi n27376"]
[Site "www.echecsemail.com"]
[Date "2026.01.08"]
[Round "1"]
[White "Tiounet"]
[Black "Onetwoyve"]
[WhiteElo "1660"]
[BlackElo "1880"]
[Result "0-1"]
1.a3 e5
2.b4 c5
3.bxc5 Bf8xc5
4.e3 Ng8f6
5.Bc1b2 Nb8c6
6.g3 d5
7.Bf1g2 e4
8.Nb1c3 Bc8g4
9.Ng1e2 O-O
10.O-O Nc6e5
11.Rf1e1 Ne5f3
12.Bg2xf3 Bg4xf3
13.Qd1c1 Nf6g4
14.Ne2f4 Qd8g5
15.Nc3xd5 Qg5h6
16.h4 g5
17.Nf4h3 gxh4
18.Nd5f4 Bc5d6
19.c4 Bd6xf4
20.exf4 hxg3
{ abandon }0-1

[Event "Défi"]
[Site "www.echecsemail.com"]
[Date "2026.01.08"]
[Round "1"]
[White "Wenoketo"]
[Black "Ohtani"]
[WhiteElo "1640"]
[BlackElo "1649"]
[Result "0-1"]
1.d4 d5
2.Ng1f3 Ng8f6
3.h3 Bc8f5
4.Nb1d2 e6
5.c3 h6
6.e3 Bf8d6
7.Qd1b3 b6
8.c4 O-O
9.cxd5 exd5
10.Bf1e2 Nb8d7
11.O-O c5
12.Qb3d1 Ra8c8
13.b3 Nf6e4
14.Nd2xe4 dxe4
15.Nf3d2 cxd4
16.exd4 Nd7f6
17.Bc1b2 Nf6d5
18.Be2c4 Nd5f4
19.Ra1c1 Nf4xh3
20.gxh3 Qd8g5
21.Kh1 Qg5f4
22.Bc4xf7 Kxf7
23.Rc1xc8 Rf8xc8
24.Qd1h5 Kg8
25.f3 Qf4h2
0-1

[Event "MI6B"]
[Site "www.echecsemail.com"]
[Date "2026.01.08"]
[Round "1"]
[White "Alizarine"]
[Black "Volatile"]
[WhiteElo "2530"]
[BlackElo "2570"]
[Result "1/2-1/2"]
1.e4 e5
2.Ng1f3 Nb8c6
3.Nb1c3 Ng8f6
4.d4 exd4
5.Nf3xd4 Bf8b4
6.Nd4xc6 bxc6
7.Bf1d3 O-O
8.O-O d5
9.exd5 cxd5
10.a3 Bb4xc3
11.bxc3 Rf8e8
12.Rf1e1 Re8xe1
13.Qd1xe1 Qd8d6
14.h3 Bc8d7
15.Bc1e3 Ra8e8
16.Qe1d2 c5
17.c4 d4
18.Be3f4 Qd6a6
19.f3 Bd7e6
20.Ra1e1 Qa6xa3
21.Bf4g5 Nf6d7
22.Qd2f4 Qa3b4
23.Qf4g3 g6
24.Bg5h6 Qb4b6
25.h4 Nd7f6
26.Re1e5 a5
27.h5 Kh8
28.hxg6 fxg6
29.Qg3g5 Be6d7
30.Re5xe8 Bd7xe8
31.Qg5e5 Be8f7
32.Qe5e7 Nf6g8
33.Qe7xf7 Ng8xh6
34.Qf7f8 Nh6g8
35.Bd3e4 Qb6b4
36.Qf8f4 Qb4e1
37.Kh2 Kg7
38.Qf4e5 Kh6
39.Qe5f4 Kg7
{ nul }1/2-1/2

[Event "YQUELON"]
[Site "www.echecsemail.com"]
[Date "2026.01.08"]
[Round "1"]
[White "Legrillon"]
[Black "Mindthegap"]
[WhiteElo "1720"]
[BlackElo "1540"]
[Result "1-0"]
1.e4 e5
2.Ng1f3 Ng8f6
3.d4 Nf6xe4
4.dxe5 d5
5.Bf1d3 Nb8d7
6.O-O Bf8e7
7.Rf1e1 Nd7c5
8.Bd3xe4 O-O
9.Be4xd5 Bc8g4
10.h3 Bg4h5
11.b4 Nc5a4
12.c3 Bh5xf3
13.Qd1xf3 Na4b6
14.Bd5xb7 { abandon }1-0